LEADER 01064nam a2200241 i 4500 001 000000162716 003 CaOOAMICUS 005 20240229154159.0 008 070705s1963 it u000 u ita u 013 $a140080 040 $aSeMil$bita 100 1 $aVian, Nello,$d<1907-2000>.$0(OLS)http://semarc/name/4389 240 10$aSacrum commercium beati Francisci cum Domina Paupertate.$0(OLS)http://semarc/title/232126 245 13$aLe sacre nozze del Beato Francesco con madonna povertà /$cPrologo di Nello Vian. 260 $aMilano :$bVita e Pensiero,$c1963. 300 $aXXII, 70 p. ;$c19 cm. 650 4$aFrancesco : d'Assisi - Letteratura italiana.$0(OLS)http://semarc/subject/35658 850 $aSeMil 852 $aSeMil$W1$xVenegono$y1$m1C II 251$j246645$B114047$CSeMilBibl$Z2$F124839 $81 961 $aRecupero: Altro 996 $6245$aLe sacre nozze del Beato Francesco con madonna povertà$9(OLS)http://semarc/title/232125 996 $6260$aMilano :$bVita e Pensiero$9(OLS)http://semarc/publisher/29642 LEADER 01288nam a2200253 i 4500 001 000000241732 003 CaOOAMICUS 005 20230517145353.0 008 150514s1834 fr u000 u fre u 040 $aSeMil$bita 100 0 $aBrigida : di Svezia,$c.$0(OLS)http://semarc/name/9353 245 14$aLes Révélations de sainte Brigitte, princesse de Suède /$ctraduites pour la première fois du latin en français, pau un ancien vicaire général [Jacques-Pierre-Joseph Lesurre]. 260 $aParis :$bGaume frères,$c1834$f(Imprimerie de Guiraudet) 300 $a320 p. ;$c16 cm. 600 04$aBrigida : di Svezia .$0(OLS)http://semarc/subject/3726 650 4$aBrigida : di Svezia . Revelaciones.$0(OLS)http://semarc/subject/42377 700 1 $aLesurre, Jacques-Pierre-Joseph .$0(OLS)http://semarc/name/81830 850 $aSeMil 852 $aSeMil$W1$xVenegono$y1$m3F I 212 FA$j192078$B192078$CSeMilBibl$Z2$F202876 $8I 941 1 $a10 961 $aRecupero: Mantegazza 996 $6245$aLes Révélations de sainte Brigitte, princesse de Suède$9(OLS)http://semarc/title/343502 996 $6260$aParis :$bGaume frères$9(OLS)http://semarc/publisher/31173